New urban sociology (Record no. 649147)

MARC details
000 -LEADER
fixed length control field 00815nam a2200265Ia 4500
003 - CONTROL NUMBER IDENTIFIER
control field OSt
005 - DATE AND TIME OF LATEST TRANSACTION
control field 20220926030253.0
008 - FIXED-LENGTH DATA ELEMENTS--GENERAL INFORMATION
fixed length control field 220923b |||||||| |||| 00| 0 eng d
020 ## - INTERNATIONAL STANDARD BOOK NUMBER
International Standard Book Number 9780813344256
037 ## - SOURCE OF ACQUISITION
Terms of availability General Book
040 ## - CATALOGING SOURCE
Original cataloging agency RTL
Transcribing agency RTL
Language of cataloging eng
041 ## - LANGUAGE CODE
Source of code eng
Language code of text/sound track or separate title eng
100 ## - MAIN ENTRY--PERSONAL NAME
Personal name Gottdiener Mark
9 (RLIN) 333943
245 #0 - TITLE STATEMENT
Title New urban sociology
250 ## - EDITION STATEMENT
Edition statement 4
260 ## - PUBLICATION, DISTRIBUTION, ETC.
Place of publication, distribution, etc. Philadelphia
Name of publisher, distributor, etc. Westview Press
Date of publication, distribution, etc. 2011
300 ## - PHYSICAL DESCRIPTION
Extent xvi, 435p
Dimensions cm.
500 ## - GENERAL NOTE
General note Bibliography: P 397-423
700 ## - ADDED ENTRY--PERSONAL NAME
Personal name Hutchison Ray
9 (RLIN) 333944
942 ## - ADDED ENTRY ELEMENTS (KOHA)
Classification part Y33, Q1
Koha item type General Books
Source of classification or shelving scheme Colon Classification (CC)
Holdings
Withdrawn status Lost status Damaged status Not for loan Home library Current library Date acquired Source of acquisition Cost, normal purchase price Total Checkouts Full call number Barcode Date last seen Cost, replacement price Price effective from Koha item type
        Ratan Tata Library Ratan Tata Library 2022-09-26 34295, 14/03/2012, Segment Book Distrobutors 1875.98   Y33 Q1 RT1476244 2022-09-26 1875.98 2022-09-26 General Books
Copyright @ Delhi University Library System